00655nam a22001937a 450000500170000000800410001702000150005804000210007304100080009408200220010210000350012424500540015926000310021330000100024465000480025494200120030299900170031495201300033120241204070743.0241204b |||||||| |||| 00| 0 eng d a8189003593 aIN-DiNCcIN-DiNC dasm a398.20954162bBEZ aBezbaruah, Lakshminatheauthor aKakadeuta aru natilora/cby Lakshminath Bezbaruah aGuwahati:bAnwesha,c2012. a116p. aAssamese folktales by Lakshminath Bezbaruah 2ddccBK c12026d12026 00102ddc40708ASMaMAINbMAINcGENd2024-12-04g100.00l0o398.20954162 BEZp25868r2024-12-04 07:08:23t1w2024-12-04yBK